[Event "ZI-2020-0-02635"]
[Site "LSS email"]
[Date "2020.01.06"]
[Round "?"]
[White "Wilczek, Ryszard"]
[Black "Ederer, Karel"]
[Result "1/2-1/2"]
[WhiteElo "2063"]
[BlackElo "1988"]
[PlyCount "65"]
[EventDate "2019.12.04"]
[EventType "match (corr)"]
[EventRounds "2"]
[EventCountry "GER"]
[SourceTitle "Corr 2022"]
[Source "ChessBase"]
[SourceDate "2021.10.24"]
[SourceVersion "1"]
[SourceVersionDate "2021.10.24"]
[SourceQuality "1"]

1. Nf3 Nf6 2. d4 g6 3. Bf4 Bg7 4. h3 0-0 5. e3 d6 6. c3 b6 7. a4 a6 8. Nbd2 Bb7 9. Bh2 Nbd7 10. Be2 e5 11. dxe5 dxe5 12. 0-0 Qe7 13. Qc2 Rfd8 14. Rfd1 Ne8 15. Ne4 Nd6 16. Nfd2 Nxe4 17. Nxe4 Kh8 18. b4 f5 19. Nd2 a5 20. e4 Rf8 21. Bf1 Nf6 22. exf5 gxf5 23. bxa5 Rxa5 24. Nb3 Raa8 25. a5 Be4 26. Qe2 bxa5 27. Nxa5 f4 28. Qb5 Qe6 29. Nb7 Rxa1 30. Rxa1 Bc6 31. Nc5 Qd6 32. Qc4 Bd5 33. Qb5 1/2-1/2

[Event "ZI-2019-0-02601"]
[Site "LSS email"]
[Date "2019.07.13"]
[Round "?"]
[White "Perez, Fanta"]
[Black "Wilczek, Ryszard"]
[Result "1/2-1/2"]
[WhiteElo "1751"]
[BlackElo "2070"]
[PlyCount "79"]
[EventDate "2019.06.16"]
[EventType "match (corr)"]
[EventRounds "2"]
[EventCountry "GER"]
[SourceTitle "Corr 2022"]
[Source "ChessBase"]
[SourceDate "2021.10.24"]
[SourceVersion "1"]
[SourceVersionDate "2021.10.24"]
[SourceQuality "1"]

1. e4 e5 2. f4 exf4 3. Nf3 Ne7 4. d4 d5 5. Qe2 Ng6 6. h4 h5 7. Nc3 c6 8. exd5+ Be7 9. Ne5 Bxh4+ 10. Kd1 Kf8 11. Nxg6+ fxg6 12. Qe4 Bf6 13. Bxf4 Bf5 14. Qf3 Qb6 15. Kc1 Qxd4 16. Be3 Qe5 17. Bc4 Nd7 18. Re1 Qd6 19. dxc6 bxc6 20. Qf2 Qb4 21. Bb3 Re8 22. Rd1 Qe7 23. Bxa7 h4 24. a4 Rh5 25. Kb1 Bg4 26. Rh1 Rf5 27. Qg3 Ne5 28. Qe3 Nf3 29. Qxe7+ Rxe7 30. Bb6 Nd2+ 31. Ka2 Rb7 32. a5 Rxa5+ 33. Bxa5 Ra7 34. Nb1 Rxa5+ 35. Na3 Ra8 36. Rae1 Rb8 37. Re3 g5 38. Rc1 Bh5 39. Nc4 Ra8+ 40. Na3 1/2-1/2

[Event "OP-2019-0-04775"]
[Site "LSS email"]
[Date "2019.05.12"]
[Round "?"]
[White "Wilczek, Ryszard"]
[Black "Kulakiewicz, Mariusz"]
[Result "1/2-1/2"]
[WhiteElo "2073"]
[BlackElo "2001"]
[PlyCount "79"]
[EventDate "2019.05.01"]
[EventType "tourn (corr)"]
[EventRounds "4"]
[EventCountry "GER"]
[SourceTitle "Corr 2022"]
[Source "ChessBase"]
[SourceDate "2021.10.24"]
[SourceVersion "1"]
[SourceVersionDate "2021.10.24"]
[SourceQuality "1"]

1. e4 e5 2. Nf3 Nf6 3. Nxe5 d6 4. Nf3 Nxe4 5. d4 d5 6. Bd3 Nc6 7. 0-0 Be7 8. Nbd2 Nxd2 9. Bxd2 Bg4 10. c3 0-0 11. h3 Bh5 12. g3 Qd7 13. Kg2 Bg6 14. Bxg6 fxg6 15. Bf4 Rf5 16. Qd2 Raf8 17. Rae1 h6 18. Ne5 Nxe5 19. Bxe5 g5 20. Re3 R5f7 21. Qe2 c5 22. Qg4 Qc6 23. f4 cxd4 24. cxd4 Bd6 25. f5 Bxe5 26. Rxe5 g6 27. Qe2 Rxf5 28. Rfxf5 gxf5 29. Re6 Qc4 30. Qxc4 dxc4 31. d5 Kg7 32. d6 b5 33. Re7+ Kf6 34. Rxa7 Rd8 35. d7 Ke7 36. Rb7 Rxd7 37. Rxb5 Rd2+ 38. Kf3 Rd3+ 39. Kf2 Rd2+ 40. Kf3 1/2-1/2

[Event "OP-2019-0-04770"]
[Site "LSS email"]
[Date "2019.04.26"]
[Round "?"]
[White "Wilczek, Ryszard"]
[Black "Valiente, Juan"]
[Result "1-0"]
[WhiteElo "2071"]
[BlackElo "800"]
[PlyCount "21"]
[EventDate "2019.04.13"]
[EventType "tourn (corr)"]
[EventRounds "4"]
[EventCountry "GER"]
[SourceTitle "Corr 2022"]
[Source "ChessBase"]
[SourceDate "2021.10.24"]
[SourceVersion "1"]
[SourceVersionDate "2021.10.24"]
[SourceQuality "1"]

1. e4 e5 2. Nf3 Nc6 3. Bb5 a6 4. Bxc6 dxc6 5. 0-0 Bd6 6. d4 exd4 7. Qxd4 f6 8. Be3 c5 9. Qc3 Ne7 10. Bxc5 Bxc5 11. Qxc5 1-0

[Event "SA-2017-0-00614"]
[Site "LSS email"]
[Date "2017.12.18"]
[Round "?"]
[White "Wilczek, Ryszard"]
[Black "Habes, Jiri"]
[Result "1-0"]
[WhiteElo "2070"]
[BlackElo "1951"]
[PlyCount "119"]
[EventDate "2017.11.29"]
[EventType "tourn (corr)"]
[EventRounds "6"]
[EventCountry "GER"]
[SourceTitle "Corr 2022"]
[Source "ChessBase"]
[SourceDate "2021.10.24"]
[SourceVersion "1"]
[SourceVersionDate "2021.10.24"]
[SourceQuality "1"]

1. e4 d6 2. d4 Nf6 3. Nc3 g6 4. f4 Bg7 5. Nf3 0-0 6. Bd3 Nc6 7. 0-0 e5 8. fxe5 dxe5 9. d5 Nd4 10. Nxe5 Nxd5 11. Nxd5 Bxe5 12. Bf4 Bxf4 13. Rxf4 Be6 14. Nf6+ Kg7 15. Qe1 c5 16. e5 Qb6 17. Qh4 h6 18. Raf1 c4 19. Kh1 g5 20. Qg3 cxd3 21. Qxd3 Nf5 22. Rxf5 Rfd8 23. Qf3 Qc6 24. Qf2 Qb6 25. Nh5+ Kh8 26. Rxf7 Qxf2 27. R7xf2 Re8 28. h4 Rac8 29. hxg5 hxg5 30. Nf6 Re7 31. Ne4 Bg8 32. Nxg5 Rxe5 33. Nf3 Rb5 34. b3 Rh5+ 35. Kg1 b5 36. Nd4 b4 37. Rf6 Bh7 38. Ra6 Rh4 39. Rf7 Be4 40. Raxa7 Rg4 41. Rac7 Rcg8 42. Kf1 Bxg2+ 43. Ke2 Re4+ 44. Kf2 Rh4 45. Nf3 Bxf3 46. Kxf3 Rh3+ 47. Ke4 Re8+ 48. Kd5 Rh2 49. Rc4 Ra8 50. Rb7 Rd2+ 51. Kc6 Rxa2 52. Rbxb4 Ra8 53. Rb7 Rc8+ 54. Rc7 Rb8 55. Rb7 Rc8+ 56. Kb6 Rd6+ 57. Ka7 Rcd8 58. Rb8 R6d7+ 59. Ka8 Rxb8+ 60. Kxb8 1-0

[Event "SA-2017-0-00598"]
[Site "LSS email"]
[Date "2017.09.22"]
[Round "?"]
[White "Cvak, Rudolf"]
[Black "Wilczek, Ryszard"]
[Result "1-0"]
[WhiteElo "2353"]
[BlackElo "2074"]
[PlyCount "115"]
[EventDate "2017.08.25"]
[EventType "tourn (corr)"]
[EventRounds "6"]
[EventCountry "GER"]
[SourceTitle "Corr 2022"]
[Source "ChessBase"]
[SourceDate "2021.10.24"]
[SourceVersion "1"]
[SourceVersionDate "2021.10.24"]
[SourceQuality "1"]

1. e4 d6 2. d4 Nf6 3. Nc3 g6 4. Nf3 Bg7 5. Be2 0-0 6. 0-0 c6 7. a4 a5 8. h3 Na6 9. Be3 Nb4 10. Qd2 Qc7 11. Rfe1 e5 12. dxe5 dxe5 13. Bc4 Rd8 14. Qe2 Ne8 15. Red1 Nd6 16. Bb3 h6 17. Nh4 Kh7 18. Bc5 Ne8 19. Qf3 Be6 20. Bxe6 fxe6 21. Qe2 b6 22. Be3 Qb7 23. Rxd8 Rxd8 24. Rc1 c5 25. Qg4 Qf7 26. Nf3 Qe7 27. Nd2 Nd6 28. Qe2 Qb7 29. Nc4 Nxc4 30. Qxc4 Qc6 31. f3 Bf6 32. Kh2 Rd7 33. Nb5 Bd8 34. Re1 Qb7 35. Qb3 Qc6 36. Na3 Bc7 37. Nc4 Kg7 38. Bf2 Kf6 39. Rf1 Rd8 40. Bg3 g5 41. h4 Qe8 42. Ne3 Kg7 43. Ng4 Nc6 44. hxg5 hxg5 45. c3 Qe7 46. Kg1 Rd2 47. Rc1 Kg6 48. Be1 Rd8 49. Kf1 Nb8 50. Ke2 Nd7 51. Bg3 Rh8 52. Rd1 Kg7 53. Qb5 Rd8 54. Qd3 Kg6 55. Qe3 Kg7 56. Rh1 Rh8 57. Qc1 Qd8 58. Rd1 1-0

[Event "SA-2017-0-00598"]
[Site "LSS email"]
[Date "2017.09.22"]
[Round "?"]
[White "Susla, Vitaliy"]
[Black "Wilczek, Ryszard"]
[Result "1/2-1/2"]
[WhiteElo "2390"]
[BlackElo "2074"]
[PlyCount "91"]
[EventDate "2017.08.25"]
[EventType "tourn (corr)"]
[EventRounds "6"]
[EventCountry "GER"]
[SourceTitle "Corr 2022"]
[Source "ChessBase"]
[SourceDate "2021.10.24"]
[SourceVersion "1"]
[SourceVersionDate "2021.10.24"]
[SourceQuality "1"]

1. d4 d5 2. c4 c6 3. Nf3 Nf6 4. e3 g6 5. Nc3 Bg7 6. Be2 0-0 7. 0-0 a6 8. b3 Ne4 9. Bb2 Nxc3 10. Bxc3 Bg4 11. h3 Bxf3 12. Bxf3 e6 13. Qd2 Re8 14. Ba5 Qe7 15. Rac1 Nd7 16. Qb4 Qxb4 17. Bxb4 a5 18. Bd2 Nf6 19. a4 Ne4 20. Be1 f5 21. g4 Bf8 22. Kg2 Bb4 23. Bxb4 axb4 24. Bxe4 fxe4 25. h4 Re7 26. Rc2 Kg7 27. Kg3 Ra5 28. f3 exf3 29. Kxf3 e5 30. Rd1 exd4 31. Rxd4 Rc5 32. e4 dxe4+ 33. Rxe4 Rf7+ 34. Ke3 h5 35. gxh5 gxh5 36. Kd4 b6 37. Rg2+ Kf8 38. Rge2 Rd7+ 39. Ke3 Rf5 40. Re6 Re7 41. Kd3 Rf3+ 42. Kc2 Rc3+ 43. Kb2 Rd7 44. Ka2 Rd1 45. Rxc6 Rcc1 46. Rc8+ 1/2-1/2

[Event "SA-2017-0-00580"]
[Site "LSS email"]
[Date "2017.06.19"]
[Round "?"]
[White "Wilczek, Ryszard"]
[Black "Koch, Christian"]
[Result "1/2-1/2"]
[WhiteElo "2080"]
[BlackElo "2225"]
[PlyCount "33"]
[EventDate "2017.05.21"]
[EventType "tourn (corr)"]
[EventRounds "6"]
[EventCountry "GER"]
[SourceTitle "Corr 2022"]
[Source "ChessBase"]
[SourceDate "2021.10.24"]
[SourceVersion "1"]
[SourceVersionDate "2021.10.24"]
[SourceQuality "1"]

1. e4 c5 2. b3 d6 3. Bb2 Nf6 4. Bb5+ Bd7 5. Bxd7+ Qxd7 6. Nc3 g6 7. Nd5 Bg7 8. Nxf6+ Bxf6 9. Bxf6 exf6 10. Qf3 Qe7 11. Ne2 Nc6 12. 0-0 0-0-0 13. c4 Rhe8 14. Nc3 Nd4 15. Qg3 f5 16. f3 Qe5 17. Qf2 1/2-1/2

[Event "SA-2017-0-00572"]
[Site "LSS email"]
[Date "2017.04.15"]
[Round "?"]
[White "Wilczek, Ryszard"]
[Black "Remde, Alexander"]
[Result "1/2-1/2"]
[WhiteElo "2080"]
[BlackElo "2098"]
[PlyCount "43"]
[EventDate "2017.03.07"]
[EventType "tourn (corr)"]
[EventRounds "6"]
[EventCountry "GER"]
[SourceTitle "Corr 2022"]
[Source "ChessBase"]
[SourceDate "2021.10.24"]
[SourceVersion "1"]
[SourceVersionDate "2021.10.24"]
[SourceQuality "1"]

1. d4 g6 2. c4 Bg7 3. e4 d6 4. Nc3 c5 5. d5 e6 6. Bd3 Ne7 7. Nge2 Nd7 8. dxe6 fxe6 9. f4 0-0 10. 0-0 b6 11. Be3 Nc6 12. Qd2 Nf6 13. f5 Ne5 14. fxg6 hxg6 15. Bg5 Qd7 16. Rad1 Bb7 17. b3 Nh7 18. Bf4 Qe7 19. Bc2 g5 20. Bg3 Rad8 21. Kh1 Bc6 22. Ng1 1/2-1/2

[Event "SA-2016-0-00531"]
[Site "LSS email"]
[Date "2016.08.11"]
[Round "?"]
[White "Wilczek, Ryszard"]
[Black "Kahl, Fred"]
[Result "1/2-1/2"]
[WhiteElo "2071"]
[BlackElo "2348"]
[PlyCount "43"]
[EventDate "2016.07.24"]
[EventType "tourn (corr)"]
[EventRounds "6"]
[EventCountry "GER"]
[SourceTitle "Corr 2022"]
[Source "ChessBase"]
[SourceDate "2021.10.24"]
[SourceVersion "1"]
[SourceVersionDate "2021.10.24"]
[SourceQuality "1"]

1. e4 e5 2. Nf3 Nc6 3. d4 exd4 4. Nxd4 Nf6 5. Nc3 Bb4 6. Nxc6 bxc6 7. Bd3 d5 8. exd5 0-0 9. 0-0 cxd5 10. h3 c6 11. Qf3 Re8 12. Bf4 Bd6 13. Rfe1 Be6 14. Ne2 Bxf4 15. Nxf4 Qb6 16. b3 Bd7 17. Nh5 Nxh5 18. Qxh5 g6 19. Qh4 c5 20. Re7 Rxe7 21. Qxe7 Qc6 22. Rd1 1/2-1/2

[Event "ZH-2016-0-01486"]
[Site "LSS email"]
[Date "2016.06.16"]
[Round "?"]
[White "Muniz Pardino, Alberto"]
[Black "Wilczek, Ryszard"]
[Result "1/2-1/2"]
[WhiteElo "2105"]
[BlackElo "2071"]
[PlyCount "39"]
[EventDate "2016.06.10"]
[EventType "match (corr)"]
[EventRounds "2"]
[EventCountry "GER"]
[SourceTitle "Corr 2022"]
[Source "ChessBase"]
[SourceDate "2021.10.24"]
[SourceVersion "1"]
[SourceVersionDate "2021.10.24"]
[SourceQuality "1"]

1. e4 e5 2. Nf3 Nf6 3. Nxe5 d6 4. Nf3 Nxe4 5. Nc3 Nxc3 6. dxc3 Be7 7. Bd3 Nd7 8. Be3 0-0 9. Qe2 Nc5 10. Bxc5 dxc5 11. 0-0-0 Bd6 12. h4 Re8 13. Qd2 Qf6 14. Rhe1 Bg4 15. Kb1 Bxf3 16. gxf3 Bf4 17. Rxe8+ Rxe8 18. Re1 Re5 19. Rxe5 Qxe5 20. Qe2 1/2-1/2